000 00508nam a2200181Ia 4500
005 20250326143252.0
008 250326s9999 xx 000 0 und d
037 _aTextbook
040 _aFMSL
_beng
_cFMSL
041 _aeng
_2eng
084 _aX8(D66):8.73 N9
_qFMSL
100 _aSlater R
_9741936
245 0 _aJack Welch and the Ge way
_cSlater R
260 _aNew Delhi
_bNew Delhi, McGraw Hill
_c1999
300 _a328p
942 _cTB
_hX8(D66):8.73 N9
999 _c1298850
_d1298850